000
00301nam a2200121Ia 4500
008
190216s9999||||xx |||||||||||||| ||und||
100
_a
Ashok Kumar Srivasthava
245
0
_a
Hindi-Rashtriyatha Darshan Aur Amipyathik
260
_b
Lokahit Prakashan
300
_a
174
650
_a
Hindi
942
_c
BK
999
_c
16363
_d
16363